00451nam a22001572 4500001001100000005001700011008004100028020001500069040000800084100002700092245004700119260004500166300002400211650003700235050002100272000001023120140825164405.0070205s2003 tnu 000 0 eng d a0849944287 aPUL1 aGraham, Billy,d1918-.14aThe key to personal peace /cBilly Graham. aNashville, Tenn :bW Pub. Group,cc2003. av, 57 p. ;c18 cm. 0aChristian lifexBaptist authors. aBT77b.G783 2003